Представление документа в формате RUSMARC

Поле Инд. ПП Название Значение
Тип записи a
Библиографический уровень a
001 Контрольный номер a197b4faf6c040b88816a1c3e14a6597
005 Дата корректировки 20250430110130.6
100 a Данные общей обработки 20250429 ||| 0rusy0189 ca
101 0_ a Язык текста rus
102 a Страна публикации RU
200 1_ a Заглавие Состояние административной наказанности как юридический факт уголовного права и его функции
b Общее обозначение материала Электронный ресурс
200 1_ f Первые сведения об ответственности Б.В. Яцеленко
210 1_ d Дата издания 2021
461 _0 1 2000
a Уголовное право
463 _0 1 2000
a № 8
b Электронный ресурс
v С. 44-52
1 2101
d 2021
1 00130220e24612844d79648df87f0668cae
606 a Основная рубрика Право. Юридические науки
x Основная подрубрика Уголовное право
610 0_ a Ключевые слова ПРЕСТУПЛЕНИЕ
a Ключевые слова АДМИНИСТРАТИВНОЕ ПРАВОНАРУШЕНИЕ
a Ключевые слова ЮРИДИЧЕСКИЙ ФАКТ УГОЛОВНОГО ПРАВА
700 _1 a Фамилия Яцеленко
b Имя Б.В.
801 _0 a Страна RU
b Организация РГУП
c Дата составления 20250429
g Правила каталогизации PSBO
801 _1 a Страна RU
b Организация РГУП
c Дата составления 20250429
g Правила каталогизации PSBO
856 4_ u URL https://dlib.eastview.com/browse/article/70169751/viewer?udb=12
901 t Тип документа b
w Контрольный № источника 30220e24612844d79648df87f0668cae
905 a Дата ввода 20250429